| 000 | 00589nam a2200169 i 4500 | ||
|---|---|---|---|
| 001 | 44940 | ||
| 003 | ES-MaACL | ||
| 005 | 20250809035214.0 | ||
| 007 | t| | ||
| 008 | 030324s1880 sp ||||1| spa d | ||
| 245 | 0 | 0 |
_aProyecto de código penal / _credactado por la Comisión de Códigos y presentado a las Cortes por el... Ministro de Gracia y Justicia. |
| 260 |
_aMadrid : _b[s.n.], _c1880 ( _fFortanet) |
||
| 300 |
_a244 p. ; _c23 cm. |
||
| 650 | 0 | 4 |
_aDerecho penal- _zEspaña _911752 |
| 852 |
_aES-MaACL _jL-4910 (17-6) |
||
| 999 |
_c44940 _d44940 |
||